000 00628nam a2200205Ia 4500
005 20260616173547.0
008 260616s9999||||xx |||||||||||||| ||und||
020 _a9788184003864
_qhb
082 _a813.54
_bLAH
100 _aLahiri, Jhumpa
245 4 _aThe lowland : a novel
260 _aNew Delhi
_bRandom House India
_c2013
300 _a339p. ; 23cm.
653 _aBengali Americans—Fiction
653 _aBrothers—Fiction
653 _aImmigrants—United States—Fiction
653 _aIndia—History—Naxalite movement, 1967-1972—Fiction
653 _aPolitical violence—India—Fiction
942 _cBK
999 _c57250
_d57250